000 00404 a2200145 4500
005 20250623121941.0
020 _a0 85950 571 5
082 _aLM 621.381 RAM
100 _aRAMSAY, D. C.
245 _aEngineering Instrumentation and Control
250 _a2nd Ed.
260 _aCheltenham,
_bStanley Thornes,
_c1984.
300 _aix, 250p.: ill.; figure. picture, table.
_bIndex.
_c24cm.
942 _2ddc
_cBKS
999 _c3888
_d3888